Zákon č. 266/2005 Z.z. z 24. mája 2005 o ochrane spotrebiteľa pri finančných službách na diaľku a o zmene a doplnení niektorých zákonov.

Zákon upravuje ochranu spotrebiteľa pri finančných službách poskytovaných dodávateľom prostredníctvom prostriedkov diaľkovej komunikácie na základe zmluvy na diaľku a uzavieranie zmluvy na diaľku. Dôvodová správa k tomuto zákonu.

Na minha lista:
Detalhes bibliográficos
Formato: Capítulo de Livro
Idioma:eslovaco
Assuntos:
Tags: Adicionar Tag
Sem tags, seja o primeiro a adicionar uma tag!

MARC

LEADER 00000naa$a2200000$$$4500
001 0041162
005 20231106072025.5
041 0 |a slo 
044 |a SK 
245 1 0 |a Zákon č. 266/2005 Z.z. z 24. mája 2005 o ochrane spotrebiteľa pri finančných službách na diaľku a o zmene a doplnení niektorých zákonov. 
520 |a Zákon upravuje ochranu spotrebiteľa pri finančných službách poskytovaných dodávateľom prostredníctvom prostriedkov diaľkovej komunikácie na základe zmluvy na diaľku a uzavieranie zmluvy na diaľku. Dôvodová správa k tomuto zákonu. 
610 2 0 |a ochrana spotrebiteľa 
610 2 0 |a práva spotrebiteľské 
610 2 0 |a služby finančné 
610 2 0 |a zmluvy 
610 2 0 |a komunikácia 
610 2 0 |a správy dôvodové 
610 2 0 |a zákony 
610 2 0 |a Slovensko 
610 2 0 |a 2005